Les plus gros transferts du football - Milieux offensifs - Statistiques

Statistiques générales
  • Ce quiz a été pris 196 fois
  • Le résultat moyen est 9 sur 10
Statistiques - réponses
Montant de transfert (M €) Saison Nationalité Venant de Allant à Joueur % Correct
103,00 2023-2024 Angleterre Borussia Dortmund Real Madrid Jude Bellingham
98%
76,00 2015-2016 Belgique VfL Wolfsburg Manchester City Kevin De Bruyne
96%
135,00 2017-2018 Brésil Liverpool Barcelone Philippe Coutinho
96%
77,50 2001-2002 France Juventus Turin Real Madrid Zinédine Zidane
95%
75,00 2014-2015 Colombie AS Monaco Real Madrid James Rodríguez
94%
80,00 2020-2021 Allemagne Bayer Leverkusen Chelsea Kai Havertz
94%
75,00 2023-2024 Allemagne Chelsea Arsenal Kai Havertz
94%
67,00 2009-2010 Brésil AC Milan Real Madrid Kaká
90%
65,00 2019-2020 Portugal Sporting CP Manchester United Bruno Fernandes
88%
72,00 2018-2019 France AS Monaco Atlético Madrid Thomas Lemar
87%
Aucun quiz correspondant
Distribution des résultats
% des personnes avec chaque résultat
Percentile par nombre de réponses
Votre historique - résultats
Vous n’avez pas pris ce quiz